WCW Tag Team Champions - Statistics

General Stats
  • This quiz has been taken 241 times
  • The average score is 100 of 141
Answer Stats
Hint Answer % Correct
1994 | 1995 | 1996 | 1999 Harlem Heat
94%
1998 Sting & Kevin Nash
94%
1996 | 1997 | 1998 | 1999 Outsiders
93%
1998 Sting & The Giant
93%
1996 Sting & Lex Luger
92%
2000 Insiders
90%
1998 Scott Hall & The Giant
89%
1987 | 1988 Arn Anderson & Tully Blanchard
88%
1975 | 1976 | 1977 Minnesota Wrecking Crew
88%
1981 Minnesota Wrecking Crew
88%
1992 Arn Anderson & Bobby Eaton
87%
1993 Arn Anderson & Paul Roma
87%
1991 Enforcers
87%
1997 Lex Luger & The Giant
87%
1982 Ole Anderson & Stan Hansen
87%
2000 David Flair & Crowbar
85%
1999 Filthy Animals
85%
1999 Jersey Triad
85%
1988 Lex Luger & Barry Windham
85%
1979 Ric Flair & Blackjack Mulligan
85%
1976 | 1977 Ric Flair & Greg Valentine
85%
1998 Rick Steiner & Kenny Kaos
85%
1989 | 1991 | 1992 | +3 others Steiner Brothers
85%
2000 Shane Douglas & Buff Bagwell
84%
1999 Rey Mysterio & Billy Kidman
83%
1994 Stars & Stripes
83%
1995 American Males
82%
1999 Chris Benoit & Dean Malenko
82%
1993 Marcus Alexander Bagwell & 2 Cold Scorpio
82%
1992 Barry Windham & Dustin Rhodes
81%
1999 Chris Benoit & Perry Saturn
81%
1991 Ricky Steamboat & Dustin Rhodes
81%
1999 Bret Hart & Goldberg
80%
1977 Dusty Rhodes & Dick Slater
79%
1984 Manny Fernandez & Dusty Rhodes
78%
1988 Road Warriors
78%
1999 Barry Windham & Curt Hennig
77%
2000 Misfits In Action
77%
1978 Paul Jones & Ricky Steamboat
77%
1999 Raven & Perry Saturn
77%
2001 Booker T & Test
76%
1993 Hollywood Blonds
76%
1992 Ricky Steamboat & Shane Douglas
76%
1996 Public Enemy
75%
2000 Filthy Animals
73%
1986 | 1988 Midnight Express
73%
2001 Dudley Boyz
72%
1979 | 1980 | 1983 Ricky Steamboat & Jay Youngblood
72%
1999 West Texas Rednecks
71%
2001 Hardy Boyz
69%
1994 Pretty Wonderful
66%
1978 Baron Von Raschke & Greg Valentine
65%
1993 | 1995 Nasty Boys
64%
1980 Ray Stevens & Greg Valentine
64%
2001 Natural Born Thrillers
63%
1975 Paul Jones & Wahoo McDaniel
63%
1976 Rufus R. Jones & Wahoo McDaniel
63%
1990 Doom
61%
1981 Ivan Koloff & Ray Stevens
61%
1978 Paul Orndorff & Jimmy Snuka
61%
1994 Cactus Jack & Kevin Sullivan
60%
2000 Perfect Event
59%
1985 | 1986 | 1987 Rock N Roll Express
59%
1984 Don Kernodle & Ivan Koloff
58%
1986 Manny Fernandez & Rick Rude
58%
1979 Paul Jones & Baron Von Raschke
58%
1980 | 1981 Paul Jones & The Masked Superstar
58%
2001 Brothers Of Destruction
57%
2000 KroniK
57%
1985 Russian Team
56%
1984 Wahoo McDaniel & Mark Youngblood
56%
1980 Ray Stevens & Jimmy Snuka
51%
2000 Sean O Haire & Mark Jindrak
51%
1995 Dick Slater & Bunkhouse Buck
48%
1989 | 1991 Fabulous Freebirds
48%
1989 Varsity Club
47%
1982 Don Kernodle & Sgt. Slaughter
44%
2000 Sean O Haire & Mark Jindrak
44%
2000 Dark Carnival
40%
1984 Don Kernodle & Bob Orton Jr.
39%
1992 Terry Gordy & Steve Williams
39%
1983 | 1984 Jack Brisco & Jerry Brisco
35%
2000 Mamalukes
35%
2000 Harris Brothers
30%
1976 Dino Bravo & Mr. Wrestling
20%
1999 Creative Control
7%
1984 Wahoo McDaniel & Mark Youngblood
1%
2000 Alex Wright & General Rection
0%
No matching quizzes found
Score Distribution
Percent of People with Each Score
Percentile by Number Answered
Your Score History
You have not taken this quiz